00324cam a2200121ua 4500041001000000082001600010100002200026245007500048250001200123260005000135300001200185504000500197 aengh a425bJES/MO aJespersen, Otto . aModern English grammar Part-4 / cOtto Jespersen.hTextual Documents a1 / b. aLondon : bGeorge Allen & Unwin Ltd , c1961. a400 ; . a